logo

Bir Sreshtho Munshi Abdur Rouf Library
Jhenaidah Cadet College

A Dictionary of Philosophy / (Record no. 6980)

MARC details
000 -LEADER
fixed length control field 00589nam a2200229 a 4500
001 - CONTROL NUMBER
JCCL Control Number 6980
003 - CONTROL NUMBER IDENTIFIER
JCCL marc code BD-JhCC
005 - DATE AND TIME OF LATEST TRANSACTION
control field 20180329181819.0
008 - FIXED-LENGTH DATA ELEMENTS--GENERAL INFORMATION
fixed length control field 171210s1967 e |||| ||a| 000 0 eng d
035 ## - SYSTEM CONTROL NUMBER
system control number (BD-JhCC)6980
040 ## - CATALOGING SOURCE
Original cataloging agency BD-JhCC
Modifying agency BD-JhCC
041 ## - LANGUAGE CODE
Language code of Book eng
082 ## - DEWEY DECIMAL CLASSIFICATION NUMBER
Classification number 190.3
Author mark and Year ROS 1967
100 ## - MAIN ENTRY--PERSONAL NAME
Personal name Rosenthal, M.
245 ## - TITLE STATEMENT
Title A Dictionary of Philosophy /
Statement of responsibility, etc M. Rosenthal; P. Yudin
260 ## - PUBLICATION, DISTRIBUTION, ETC. (IMPRINT)
Place of publication, distribution, etc Moscow :
Name of publisher, distributor, etc Progress publishers
Date of publication, distribution, etc 1967.
300 ## - PHYSICAL DESCRIPTION
Pagination 494 p. :
Dimensions 22 cm.
650 ## - SUBJECT ADDED ENTRY--TOPICAL TERM
Topical term or geographic name as entry element Philosophy
General subdivision Dictionaries
700 ## - ADDED ENTRY--PERSONAL NAME
Personal name Yudin, P.
942 ## - ADDED ENTRY ELEMENTS (KOHA)
Source of classification or shelving scheme Dewey Decimal Classification
Koha item type Books
Holdings
Source of classification or shelving scheme Damaged status Not for loan Home library Current library Shelving location Date of accession Total Checkouts Full call number Barcode Date last seen Copy number Koha item type
Dewey Decimal Classification     JCC Rouf Library JCC Rouf Library General Stacks 02/03/2018   190.3 ROS 1967 9505 02/03/2018 C-1 Books

JCC Library | Contacts | JCC Home

Last Update on 23 September 2017
Copyright @ 2017-2020 JCC Rouf Library
Rouf Library, Jhenidah Cadet College (JCC), Bangladesh